Statistiken für Serien erraten mit Bildern - Teil 2

Klicken Sie hier um das Quiz zu spielen!

Allgemein

  • Dieses Quiz wurde 1.245 mal gespielt
  • Das Durchschnittsergebnis liegt bei 8 aus 20

Antwortstatistiken

Antwort% Korrekt
Mr. Bean
97%
Batman
89%
Wednesday
83%
Futurama
74%
The last of Us
65%
Sex and the city
50%
Malcolm Mittendrin
48%
Desperate Housewives
45%
House of the Dragon
40%
Charmed
37%
Buffy - Im Bann der Dämonen
35%
Doctor Who
32%
Miami Vice
29%
Denver Clan
17%
Parks and Recreation
14%
Dead to me
6%
Melrose Place
6%
Solar Opposites
4%
Severance
3%
Reba
1%

Verteilung der Resultate

Perzentil nach korrekt beantworteten Fragen

Anzahl Personen mit jedem Resultat

Ihre Resultats-Entwicklung

Sie haben dieses Quiz noch nicht gespielt